| 000 | 01218nam a22002897a 4500 | ||
|---|---|---|---|
| 005 | 20240530110455.0 | ||
| 008 | 150603s2010 ua adk g b 000 0 ara d | ||
| 017 |
_a2009/20371 _bمصر . دار الكتب المصرية |
||
| 020 | _a9789774114629 | ||
| 040 | _aEG-CaGPL | ||
| 082 | 0 | 4 |
_221 _a303.49\ _bهـ م |
| 100 | 1 | _aهنشل ، رتشارد ل | |
| 245 | 1 | 0 |
_aمستقبل التنبؤ الاجتماعى / _cرتشارد ل هنشل ؛ مراجعة التعريب و الترجمة و التبويب فادية عمر الجولانى |
| 250 | _aط1 | ||
| 260 |
_aالقاهرة : _bالمكتبة المصرية للنشر و التوزيع ، _c2010 . |
||
| 300 |
_a128 ص : _bايض ؛ _c24 سم . |
||
| 504 | _aيشتمل على ارجاعات ببليوجرافية | ||
| 650 | 0 | 4 | _aالاجتماع ، علم |
| 650 | 0 | 4 | _aالعلوم الاجتماعية |
| 650 | 0 | 4 | _aالتغير الاجتماعى |
| 650 | 0 | 4 | _aالتنمية الاجتماعية |
| 650 | 0 | 4 | _aالتقدم الاجتماعى |
| 650 | 0 | 4 | _aالانثروبولوجيا |
| 700 | 0 |
_aفادية عمر الجولانى _eمراجع و مترجم |
|
| 942 |
_2ddc _cBK |
||
| 999 |
_c61356 _d61356 |
||